000 00674nam a22002177a 4500
003 UA-OsUOA
001 47972
007 ta
008 20121112b un ||||| |||| 00| 0 ukr d
090 _a929
_bС41
942 _cBK
040 _aUA-OsUOA
_bukr
_cUA-OsUOA
_dUA-OsUOA
245 _aСіячі добра і духовності. Михайло і Марія Гояни
_cупор. В. Плотник
300 _a390 с.; іл с.
955 _a4
041 _aukr
080 _a929
260 _aК.
_bВид. дім "Києво-Могилянська академія"
_c2005
650 7 _a9 Географія. Біографії. Історія
_2UDC
999 _c428074
_d428074